English EFL Championship Teams(2018-2019) - Statistics

General Stats
  • This quiz has been taken 211 times
  • The average score is 18 of 24
Answer Stats
Team Name % Correct
Aston Villa
89%
Leeds United
88%
Norwich City
88%
Derby County
85%
West Bromwich Albion
85%
Birmingham City
83%
Sheffield Wednesday
83%
Sheffield United
82%
Bolton Wanderers
80%
Stoke City
80%
Swansea City
80%
Nottingham Forest
79%
Queens Park Rangers
77%
Ipswich Town
76%
Middlesbrough
76%
Hull City
75%
Wigan Athletic
74%
Blackburn Rovers
73%
Brentford
69%
Reading
67%
Millwall
66%
Preston North End
65%
Bristol City
63%
Rotherham United
59%
No matching quizzes found
Score Distribution
Percent of People with Each Score
Percentile by Number Answered
Your Score History
You have not taken this quiz